MDQL
is popping MORE tags! Check the
thread
!
Quizzes
Events
Quiz Creation
Community
Videos
Private Events
Remove Ads
Sign In
Join for FREE
Feedback
Dark Mode
Quiz Categories
Sports
Geography
Music
Movies
Television
Just For Fun
Miscellaneous
History
Literature
Language
Science
Gaming
Entertainment
Religion
Holiday
For Kids
Quiz Lab
Recent
Popular Today
Quiz Kudos Today
Editor Picks
Curator Picks
Quizzes by...
Day
Popularity
Type
Ratings
Length
Year
Community
Subscriptions
Recent Discussions
Orange Saloon
Badges
Playlists
Quests
Create
Leaderboards
Showdown
Live 5
Trivia Bingo
Activity
Puzzle Library
Sporcle Events
Private Events
Virtual Trivia
Globe League
Become a Host
Pub Owners
SporcleCon
Opinionation
Our Games
Videos
Blog
Mobile Apps
Partnerships
Remove Ads and Go Orange
Feedback
Sports
Athletes
MLB
NBA
NHL
NFL
Soccer
Sports Teams
WWE
NCAA
Football
Premier League
Basketball
Baseball
Hockey
Golf
Tennis
Cricket
Rugby
Auto Racing
Olympics
World Cup
Sports
Athletes
MLB
NBA
NHL
NFL
Soccer
Sports Teams
WWE
NCAA
Football
Premier League
Basketball
Baseball
Hockey
Golf
Tennis
Cricket
Rugby
Auto Racing
Olympics
World Cup
Random Quiz
Search Sporcle
×
Quiz Lab
Quiz Lab
Sports
NBA
Type in answers that appear in a list
Type in answers that appear in a list
Classic
Best Score? Go Orange.
Top 100 NBA Players 2020 Stats
Can name the top 100 NBA players! Real life injuries, so players like KD and klay will not be on this list. Please share what you got in the comments.
By
24bstever
16m
100 Questions
399 Plays
399 Plays
399 Plays
Comments
Comments
Give Quiz Kudos
Give Quiz Kudos
-
- Ratings
hide this ad
Replay
Link that replays current quiz
Next Quiz
Link to next quiz in quiz playlist
You Got
0%
They Got
Avg Score
74%
Avg Friend Score
Upgrade to see
Score Distribution
Jump to the score distribution portion of the page
Score
0/100
Timer
16:00
0
Plays Today
Team
% Correct
Lakers
Lebron James
98.2%
Warriors
Steph Curry
97.2%
Clippers
Kawhi Leonard
97%
Rockets
James Harden
96.5%
Lakers
Anthony Davis
96.2%
Nuggets
Nikola Jokic
95.5%
76ers
Joel Embiid
95.2%
Trailblazers
Damian Lillard
94.9%
Clippers
Paul George
94.9%
Rockets
Russell Westbrook
94.9%
Nets
Kyrie Irving
94.7%
Heat
Jimmy Butler
94.7%
Timberwolves
Karl Anthony Towns
93.7%
76ers
Ben Simmons
93.7%
Wizards
Bradley Beal
93.4%
Jazz
Rudy Gobert
93.2%
Pistons
Blake Griffin
92.9%
Bucks
Giannis Antetokounmpo
92.2%
Celtics
Kemba Walker
91.9%
Warriors
Draymond Green
91.7%
Mavericks
Luka Doncic
91.4%
Pacers
Victor Oladipo
90.9%
Mavericks
Kristaps Porzingis
90.4%
Jazz
Donovan Mitchell
90.4%
Raptors
Kyle Lowry
90.4%
Celtics
Jayson Tatum
90.4%
Spurs
DeMar DeRozan
89.9%
Cavs
Kevin Love
89.9%
Bucks
Kris Middleton
89.6%
Bulls
Zack Lavine
89.4%
Raptors
Pascal Siakam
89.1%
Suns
Devin Booker
88.6%
Pistons
Andre Drummond
88.6%
Clippers
Lou Williams
88.1%
Team
% Correct
Magic
Nikola Vucevic
87.9%
Kings
De'Aaron Fox
87.9%
Trailblazers
McCollum
87.6%
Warriors
D'Angelo Russell
87.6%
Spurs
LaMarcus Aldridge
87.1%
Hawks
Trae Young
87.1%
Pelicans
Jrue Holiday
86.9%
76ers
Tobias Harris
86.6%
Nuggets
Jamal Murray
86.4%
Spurs
Dejounte Murray
86.1%
76ers
Al Horford
85.1%
Jazz
Mike Conley
84.1%
Rockets
Clint Capela
82.6%
Celtics
Jaylen Brown
82.3%
Bucks
Eric Bledsoe
82.1%
Magic
Aaron Gordon
81.8%
Knicks
Julius Randle
81.3%
Kings
Buddy Hield
80.8%
Thunder
Steven Adams
80.6%
Pelicans
Brandon Ingram
78.5%
Pacers
Myles Turner
76.5%
Lakers
Kyle Kuzma
76.3%
Pistons
Derrick Rose
73.5%
Pacers
Domantas Sabonis
73.5%
Bucks
Brook Lopez
73%
Bulls
Lauri Markkanen
72%
Nuggets
Gary Harris
72%
Hawks
John Collins
71%
Raptors
Marc Gasol
71%
Cavs
Collin Sexton
70.7%
Suns
Deandre Ayton
69.9%
Timberwolves
Andrew Wiggins
69.9%
Thunder
Danilo Gallinari
69.4%
Pacers
Malcolm Brogdon
69.2%
Team
% Correct
Celtics
Marcus Smart
69.2%
Celtics
Gordon Hayward
66.4%
Clippers
Montrezl Harrell
65.7%
Grizzlies
Jaren Jackson
65.2%
76ers
Josh Richardson
64.9%
Kings
Marvin Bagley
61.4%
Nuggets
Paul Millsap
59.8%
Heat
Goran Dragic
59.6%
Trailblazers
Hassan Whiteside
59.1%
Raptors
Serge Ibaka
58.8%
Nets
Jarrett Allen
58.8%
Celtics
Enes Kanter
58.1%
Raptors
Fred Vanvleet
57.1%
Nets
Spencer Dinwiddie
56.6%
Jazz
Bojan Bogdanovic
55.8%
Nets
Deandre Jordan
54.8%
Rockets
P.J Tucker
54.5%
Nets
Caris Levert
54.3%
Clippers
Patrick Beverley
54%
Timberwolves
Robert Covington
53%
Kings
Harrison Barnes
50.8%
Pelicans
JJ Redick
50.5%
Knicks
Mitchell Robinson
48.5%
Grizzlies
Jonas Valanciunas
46.7%
Thunder
Shai Gilgeous-Alexander
44.2%
Bulls
Wendell Carter
42.7%
Nuggets
Will Barton
37.4%
Heat
Justice Winslow
35.1%
Knicks
Kevin Knox
35.1%
Suns
Dario Saric
27%
Knicks
Bobby Portis
23.2%
Magic
Al-Farouq Aminu
18.9%
Quiz Playlist
Details
Report
Send in Message
Add To Playlist
Classic:
Type in answers that appear in a list
Last Updated: Sep 20, 2019
Quiz Scoreboard
CHALLENGE
Sign Up to Join the Scoreboard
Show All
Scores
Hide
Comments
May contain spoilers
Recently Published
Find the 'City' Movie
by crazypaving
Movies
60s
5x2 Blitz: Bands
by SL_Kpop136
Music
30s
Colored Red Africa Blitz
by spor1
Geography
30s
More to Explore
Quiz From the Vault
Featured Blog Post
14 Easter Pick-up Lines to Find Eggs With
hide this ad
You Might Also Like...
Tags
NBA Quiz
100
2020
Injury
life
Player
share
team
Today's Top Quizzes in Sports
Browse Sports
hide this ad
Today's Top Quizzes in NBA
Browse NBA
Top Contributed Quizzes in Sports
1
Les entraîneurs de l'OM et du PSG au 21e siècle
2
Les meilleurs buteurs des matchs entre le PSG et l’OM
3
Les joueurs passés par le PSG et l'OM
4
Players with Multiple 50 Home Run Seasons
5
2022 World Cup Stars
6
Criteria MLB: Left Handed Sluggers
7
NBA Logic Puzzle 2.0
8
MLB Players with Two .350 Batting Average Seasons
9
Top 10 NHL Goal Scorers of All Time
10
Les joueurs passés par le LOSC et le RC Lens
Explore More
Trending Topics
Harry Potter
Disney
Crossword
Kpop
NBA
Marvel
Anime
The Office
WWE
Country
Soccer
NFL
Song
Puzzle
Pokémon
hide this ad
More By:
24bstever
Quiz
Plays
Rating
Category
Featured
Created
Top 100 NBA Players 2020
399
2.00
Sports
Sep 17, 2019
Top 100 NBA Players 2020
33
1.40
Sports
Oct 30, 2019
Go to Creator's Profile
Score Distribution
Quiz Creator Spotlight
24bstever
Follow
Send a Message
Quizzes Created
-
Created Quiz Play Count
-
More By This Creator
Popular Quizzes Today
1
Colored Red Africa Blitz
2
Find the 'City' Movie
3
Find the US States - No Outlines Minefield
4
5x2 Blitz: Bands
5
The Countries of the World
6
Find the US States
7
US States
8
Find the Countries of Europe - No Outlines Minefield
More Sports Quizzes
NFL Draft Blitz: Most #1 Picks
Published
Trending Quizzes
Colored Red Europe Blitz I
Colored Red Africa Blitz II
Colored Red Europe Blitz II
Colored Red Europe Blitz III
Colored Red Africa Blitz III
Recently Updated
How Do You Spell That?
pecheneg
Godzilla Movies
pecheneg
Grab Bag: 4-10 Letters
pecheneg
2024 March Madness Bracket
pecheneg
Famous TV Couples
Peacemaker
Champions League XIs: Real Madrid
pecheneg
Largest US Cities 1790-2010
pecheneg
Rides in Walt Disney World
pecheneg
Most Oscar Losses (Acting)
pecheneg
Beyoncé Albums
pecheneg
Trending Topics
Harry Potter
Kpop
Crossword
NBA
Disney
Anime
Marvel
The Office
WWE
Puzzle
Song
Country
Soccer
Pokémon
NFL
Your Account Isn't Verified!
In order to create a playlist on Sporcle, you need to verify the email address you used during registration. Go to your
Sporcle Settings
to finish the process.
Report this User
Report this user for behavior that violates our
Community Guidelines
.
Details:
Send Report
Go to the Sporcle.com Mobile Site →
Comments